000 00209nam a22000857a 4500
008 161114b xxu||||| |||| 00| 0 eng d
100 _91198
_aSingh.L.etal
245 _aBiology-X
260 _aNew Delhi
_bS. Chand
_c2011
999 _c3889
_d3889